[Event "Ceriano Laghetto op-B 18th"]
[Site "Ceriano Laghetto"]
[Date "2009.03.28"]
[Round "2"]
[White "Colombo, Samuel"]
[Black "Virzi, Ettore"]
[Result "1/2-1/2"]
[WhiteElo "1781"]
[BlackElo "1979"]
[PlyCount "52"]
[EventDate "2009.03.27"]
[EventType "swiss"]
[EventRounds "5"]
[EventCountry "ITA"]
[SourceTitle "EXT 2011"]
[Source "ChessBase"]
[SourceDate "2010.11.26"]
[SourceVersion "1"]
[SourceVersionDate "2010.11.26"]
[SourceQuality "1"]

1. Nf3 Nf6 2. g3 g6 3. Bg2 Bg7 4. d3 0-0 5. 0-0 d5 6. Nbd2 Nc6 7. c3 e5 8. e4 dxe4 9. dxe4 Qe7 10. Qc2 b6 11. Re1 Bb7 12. Nf1 h6 13. Nh4 Rad8 14. b3 Ba6 15. Bb2 Bd3 16. Qc1 Qe6 17. Qe3 Rd7 18. Rad1 Rfd8 19. h3 Bxf1 20. Rxd7 Qxd7 21. Kxf1 Qd2 22. Qxd2 Rxd2 23. Re2 Rd1+ 24. Re1 Rd2 25. Re2 Rd1+ 26. Re1 Rd2 1/2-1/2

[Event "Como Province-ch"]
[Site "Como"]
[Date "2009.01.25"]
[Round "3"]
[White "Colombo, Samuel"]
[Black "Lipari, Alberto"]
[Result "0-1"]
[WhiteElo "1781"]
[BlackElo "1524"]
[PlyCount "62"]
[EventDate "2009.01.24"]
[EventType "swiss"]
[EventRounds "6"]
[EventCountry "ITA"]
[SourceTitle "EXT 2011"]
[Source "ChessBase"]
[SourceDate "2010.11.26"]
[SourceVersion "1"]
[SourceVersionDate "2010.11.26"]
[SourceQuality "1"]

1. Nf3 d5 2. g3 c5 3. Bg2 Nc6 4. d3 Bf5 5. Nbd2 e6 6. c3 Nf6 7. 0-0 h6 8. Re1 Be7 9. h3 Bh7 10. Nf1 0-0 11. N3h2 Qc7 12. Ne3 Rad8 13. Neg4 Nxg4 14. Nxg4 h5 15. Nh2 Bd6 16. e3 h4 17. Nf1 hxg3 18. f4 d4 19. Bxc6 bxc6 20. Qf3 Bxd3 21. e4 Bxf1 22. Rxf1 dxc3 23. bxc3 c4 24. Be3 Qa5 25. Qxg3 Bc5 26. Rf3 Rd3 27. Kg2 Bxe3 28. Rxe3 Rfd8 29. Qe1 Qh5 30. Rg3 Rd2+ 31. Kf1 Rd1 0-1